Diseño, construcción y puesta en marcha de un fotobioreactor tubular para producir microalga Chlorella SP

Guardado en:
書目詳細資料
主要作者: Velásquez Vásquez, Sergio Gabriel
格式: 圖書
出版: San José, Costa Rica 2010
主題:
標簽: 添加標簽
沒有標簽, 成為第一個標記此記錄!

MARC

LEADER 00000nam a2200000Ia 4500
003 010009
005 20221231144036.0
008 140114s2010 cr a 000 ||s d
040 |c cru CEDI 
090 |a TFG 6183 
100 |a Velásquez Vásquez, Sergio Gabriel   |9 3027 
245 |a Diseño, construcción y puesta en marcha de un fotobioreactor tubular para producir microalga Chlorella SP 
260 |c 2010  |b San José, Costa Rica 
500 |a Proyecto de graduación (licenciatura en ingeniería química)--Universidad de Costa Rica. Facultad de Ingeniería. Escuela de Ingeniería Química 
650 |x BIORREACTORES  |x  DISEÑO Y CONSTRUCCION   |x  ALGAS MARINAS   |x GASES  |x COMBUSTION   |x  REFINADORA COSTARRICENSE DE PETROLEO   |x  CALDERAS  |9 3028 
942 |c TFG 
999 |c 16032  |d 16032